000 00275nam a2200121Ia 4500
008 190216s9999||||xx |||||||||||||| ||und||
100 _aKarna M.N
245 0 _aSocial Change In India
260 _bNcrt - Newdelhi
_c2003
300 _a109
650 _aHistory
942 _cREF
999 _c36713
_d36713